00471nam a2200181Ia 450000500170000000800410001704000190005804100120007708200180008910000220010724500370012926000250016630000120019150400190020365000180022265100390024085000100027920220727143944.0131103s9999 xx 000 0 und d aLoreto College aEnglish a808.2512bWIL aWilliams, Raymond aModern tragedycRaymond Williams aLondonbChattoc1966 a288 p.  aIncludes index aLiterature -  aLiterature - Study and teaching -  aLCLIB